| 000 | 00356nam a2200145Ia 4500 | ||
|---|---|---|---|
| 008 | 230917s9999||||xx |||||||||||||| ||und|| | ||
| 040 |
_e146195 _aMAIN |
||
| 041 | _aEnglish | ||
| 082 | _a320.91717 H736P | ||
| 100 | _aHolmes, Leslie | ||
| 245 | 0 | _aPolitics in the communist world | |
| 260 |
_aOxford _bClarendon _c1986 |
||
| 300 | _a457p. p. | ||
| 942 | _cBK | ||
| 999 |
_c56634 _d56634 |
||